00880nam a22002057a 4500999001900000005001700019010001300036020002600049035001100075037001300086082001100099100004100110245013100151246009600282260005100378270005700429300002300486942003000509952013500539 c182708d18270820211202121943.0 aUR-11347 c200.00a9789390533046 aU-9902 bDBAD/PUB a840.08 aمعر ا ج ا حمد معر ا ج  aڈ ا کٹرمنا ظر عا شق ہر گا نو ی کے منتخب ا د ا ر يۓ cمعر ا ج ا حمد معر ا ج  aManazir Ashiq Harganvi Ke Muntakhib Edarie:Tajazie Wa Tabsire Urdu)bby Mehraj Ahmed Meraj aN.Delhic2020 ءbEducational Publishing House aD1/16,Ansari Road,Darya Ganj,bNew Delhie110002l - a128 ص c22 Cm(Hb) 2ddccURh840.1mم ع ر  001040718NFICaDBADbLd2021-12-02eDBAD/PUBg200.00l0o840.1 م ع رpU-9902r2021-12-02 00:00:00t1v200.00w2021-12-02yUR